| 000 | 02518nam a2200313 a 4500 | ||
|---|---|---|---|
| 003 | CHAP | ||
| 005 | 20250924124538.0 | ||
| 007 | ta | ||
| 008 | 230426s2019 ck ad||fr|||| 001 0 spa d | ||
| 020 | _a978-958-9846-66-7 | ||
| 040 |
_amxchpua _cCHAP _erda |
||
| 050 | 1 | 0 | _b.M37 2019 |
| 082 | 0 | 0 |
_a630.20187 _bM37 2019 _220 |
| 100 | 1 |
_972644 _aMartínez Wilches, Orlando _eautor |
|
| 245 | 1 | 0 |
_aTécnicas estadísticas y diseño de experimentos para la investigación agropecuaria / _cOrlando Martínez Wilches |
| 250 | _a1a edición | ||
| 264 |
_aBogotá, Colombia : _bProdumedios, _c2019 |
||
| 300 |
_a228 páginas : _bilustraciones, gráficas, tablas |
||
| 336 |
_2rdacontent _atexto _btxt |
||
| 337 |
_2rdamedia _asin medio _bn |
||
| 338 |
_2rdacarrier _avolumen _bnc |
||
| 500 | _aBiblioteca de Zootecnia ej.1: S/N (sin sellos) | ||
| 504 | _aIncluye bibliografías | ||
| 505 | 0 | _a1. Introducción al diseño experimental -- 2. El concepto de modelo estadístico -- 3. Diseño completamente al azar -- 4. Diseño de bloques completos al azar -- 5. Pruebas de comparación múltiple -- 6. Diseño cuadrado o cuadrado latino -- 7. Correlación y regresión lineal simple -- 8. Arreglos factoriales -- 9. Regresión lineal múltiple.... | |
| 520 | 2 | _aEl objetivo de un experimento agropecuario es obtener información (datos) que resuelva un limitante tecnológico en una especie animal o vegetal, o dar solución a un interrogante ya planteado en investigaciones anteriores. En consecuencia, un buen diseño experimental es el resultado de un análisis muy preciso del problema o limitante tecnológico. Al estadístico con frecuencia se le solicitará asesoría para hacer inferencias (inducciones y deducciones) de los resultados experimentales. Puesto que las inferencias que se puedan hacer dependen solamente de la forma como se ejecutó el experimento, el asesor requerirá de una descripción detallada del ensayo y sus objetivos. Entonces es posible que no se puedan hacer las inferencias requeridas y aquellas variables no respondan a los interrogantes planteados por el investigador; es decir, un refinamiento que se proponga en la técnica estadística, no sustituye la claridad que se tenga de la problemática. En un diseño de experimentos se establecen los objetivos, se clasifican los interrogantes y finalmente con base en el análisis, se producen las recomendaciones. | |
| 650 | 1 | 7 |
_91172 _aAgricultura _xInvestigaciones |
| 650 | 1 | 0 |
_9151252 _aAgriculture _xResearch |
| 942 |
_2ddc _cLIBRO |
||
| 999 |
_c218629 _d218629 |
||